La fuerza: fundamentación, valoración y entrenamiento

Shranjeno v:
Bibliografske podrobnosti
Glavni avtor: García Manso, Juan Manuel (Author)
Format: Knjiga
Jezik:španščina
Izdano: Madrid Gymnos 1999
Serija:Colección Entrenamiento Deportivo
Teme:
Oznake: Označite
Brez oznak, prvi označite!

MARC

LEADER 00000nam a2200000 a 4500
001 UCN3664
003 CL-VaPUC
008 010706e19990000SP |||||||||||||||||spa|d
082 0 4 |a 796.077  |b GAR  |2 21 
100 |a García Manso, Juan Manuel  |e author  |9 460244 
245 1 3 |a La fuerza: fundamentación, valoración y entrenamiento 
300 |a 612 p 
942 |c BK 
945 |d 20010706 00:00:00  |a vberengu 
260 |a Madrid  |b Gymnos  |c 1999 
650 7 |a DEPORTE  |2 CL-VaPUC  |9 460245 
650 7 |a ENTRENAMIENTO FISICO  |2 CL-VaPUC  |9 307393 
650 0 |a Actividad física  |9 362156 
650 0 |a Músculos  |9 269552 
583 |a last modification  |c 20010706 00:00:00  |k Rodrigo Vera 
490 0 |a Colección Entrenamiento Deportivo 
999 |c 296452  |d 296450 
952 |0 0  |1 0  |4 0  |6 796_077000000000000_GAR_1999  |7 0  |8 A  |9 350230  |a BIBEDU  |b BIBEDU  |d 2019-11-20  |i 3725235  |o 796.077 GAR 1999  |p 3725235  |r 2019-11-20  |w 2019-11-20  |y BK  |k BME